000 00586nam a22002417a 4500
003 UA-OsUOA
001 125028
007 ta
008 20170901b un ||||| |||| 00| 0 ukr d
100 _aКичинський А.
090 _a821.161.2
_bК46
942 _cBK
040 _aUA-OsUOA
_bukr
_cUA-OsUOA
_dUA-OsUOA
245 _aБджола на піску
_bвірші, поеми
300 _a127 с.
955 _a3
041 _aukr
080 _a821.161.2
020 _a966-630-033-8
260 _aХерсон
_bАйлант
_c2003
650 7 _2UDC
999 _c412233
_d412233